Wszyscy posłowie PIS sejmu X kadencji po zdjęciu - Statystyki

Ogólne statystyki
  • Ten quiz został rozwiązany 59 razy
  • Średni wynik to 34 z 190
Statystyki odpowiedzi
Obrazkowy Odpowiedź % Poprawnych
Mateusz Morawiecki
96%
Jarosław Kaczyński
94%
Zbigniew Ziobro
94%
Antoni Macierewicz
92%
Filip Kaczyński
88%
Elżbieta Witek
86%
Jacek Sasin
86%
Mariusz Błaszczak
80%
Przemysław Czarnek
80%
Ryszard Terlecki
80%
Janusz Kowalski
72%
Marek Suski
68%
Michał Kowalski
68%
Dariusz Matecki
56%
Radosław Fogiel
56%
Łukasz Schreiber
54%
Piotr Gliński
52%
Małgorzata Wassermann
42%
Rafał Bochenek
42%
Marek Kuchciński
40%
Zbigniew Rau
40%
Kacper Płażyński
38%
Robert Telus
38%
Joanna Lichocka
36%
Szymon Szynkowski vel Sęk
34%
Łukasz Mejza
32%
Marcin Horała
32%
Piotr Kaleta
32%
Sebastian Kaleta
32%
Marcin Romanowski
30%
Rafał Romanowski
30%
Adam Andruszkiewicz
28%
Jan Kanthak
28%
Marcin Przydacz
28%
Michał Woś
28%
Henryk Kowalczyk
26%
Jacek Bogucki
24%
Kamil Bortniczuk
24%
Marek Ast
24%
Michał Wójcik
24%
Paweł Szefernaker
24%
Zbigniew Bogucki
24%
Andrzej Adamczyk
22%
Elżbieta Duda
22%
Zbigniew Kuźmiuk
22%
Dariusz Piontkowski
20%
Dominika Chorosińska
20%
Jarosław Sellin
20%
Mariusz Gosek
20%
Monika Pawłowska
20%
Paweł Jabłoński
20%
Janusz Cieszyński
18%
Jarosław Zieliński
18%
Joanna Borowiak
18%
Krzysztof Szczucki
18%
Marek Gróbarczyk
18%
Tomasz Zieliński
18%
Andrzej Gut Mostowy
16%
Anna Gembicka
16%
Łukasz Kmita
16%
Marcin Ociepa
16%
Paweł Szrot
16%
Daniel Milewski
14%
Iwona Arent
14%
Jarosław Krajewski
14%
Katarzyna Sójka
14%
Krzysztof Sobolewski
14%
Leonard Krasulski
14%
Maria Koc
14%
Wiesław Krajewski
14%
Anna Krupka
12%
Barbara Bartuś
12%
Bartłomiej Wróblewski
12%
Jan Mosiński
12%
Krzysztof Czarnecki
12%
Maria Kurowska
12%
Norbert Kaczmarczyk
12%
Witold Czarnecki
12%
Zbigniew Hoffmann
12%
Agnieszka Ścigaj
10%
Agnieszka Wojciechowska van Heukelom
10%
Andrzej Śliwka
10%
Anita Czerwińska
10%
Anna Pieczarka
10%
Bartosz Kownacki
10%
Jan Dziedziczak
10%
Jerzy Polaczek
10%
Józefa Szczurek Żelazko
10%
Krzysztof Ciecióra
10%
Krzysztof Tchórzewski
10%
Małgorzata Golińska
10%
Marcin Porzucek
10%
Marcin Warchoł
10%
Mirosława Stachowiak Różecka
10%
Olga Semeniuk Patkowska
10%
Waldemar Andzel
10%
Aleksander Mrówczyński
8%
Andrzej Kosztowniak
8%
Anna Kwiecień
8%
Anna Milczanowska
8%
Anna Paluch
8%
Bolesław Piecha
8%
Bożena Borys Szopa
8%
Czesław Hoc
8%
Dorota Arciszewska Mielewczyk
8%
Edward Siarka
8%
Ewa Malik
8%
Grzegorz Puda
8%
Katarzyna Czochara
8%
Krzysztof Lipiec
8%
Lidia Burzyńska
8%
Maciej Małecki
8%
Mariusz Krystian
8%
Marzena Machałek
8%
Patryk Wicher
8%
Piotr Babinetz
8%
Piotr Polak
8%
Robert Gontarz
8%
Ryszard Bartosik
8%
Sławomir Zawiślak
8%
Stanisław Szwed
8%
Agnieszka Soin
6%
Andrzej Kryj
6%
Anna Cicholska
6%
Anna Dąbrowska Banaszek
6%
Anna Schmidt
6%
Arkadiusz Czartoryski
6%
Artur Chojecki
6%
Artur Szałabawka
6%
Dariusz Stefaniuk
6%
Ewa Leniart
6%
Grzegorz Lorek
6%
Grzegorz Piechowiak
6%
Grzegorz Woźniak
6%
Ireneusz Zyska
6%
Jacek Osuch
6%
Jacek Świat
6%
Jarosław Wieczorek
6%
Jerzy Materna
6%
Kazimierz Choma
6%
Kazimierz Gołojuch
6%
Krzysztof Kubów
6%
Magdalena Filipek Sobczak
6%
Marcin Gwóźdź
6%
Marek Wesoły
6%
Mariusz Kałużny
6%
Michał Cieślak
6%
Michał Moskal
6%
Paweł Hreniak
6%
Piotr Król
6%
Piotr Uściński
6%
Przemysław Drabek
6%
Rafał Weber
6%
Sławomir Skwarek
6%
Sylwester Tułajew
6%
Szymon Giżyński
6%
Tadeusz Woźniak
6%
Teresa Pamuła
6%
Teresa Wilk
6%
Urszula Rusecka
6%
Władysław Dajczak
6%
Władysław Kurowski
6%
Wojciech Szarama
6%
Zbigniew Dolata
6%
Agata Wojtyszek
4%
Agnieszka Górska
4%
Andrzej Gawron
4%
Anna Baluch
4%
Bartłomiej Dorywalski
4%
Fryderyk Kapinos
4%
Grzegorz Gaża
4%
Jan Warzecha
4%
Kazimierz Gwiazdowski
4%
Marcin Grabowski
4%
Piotr Uruski
4%
Robert Warwas
4%
Sebastian Łukaszewicz
4%
Szymon Pogoda
4%
Tadeusz Chrzan
4%
Włodzimierz Tomaszewski
4%
Wojciech Zubowski
4%
Zbigniew Chmielowiec
4%
Grzegorz Macko
2%
Grzegorz Matusiak
2%
Kazimierz Smoliński
2%
Lidia Czechak
2%
Marek Matuszewski
2%
Paweł Rychlik
2%
Paweł Sałek
2%
Wioletta Kulpa
2%
Nie znaleziono quizów pasujących do podanych kryteriów
Rozkład punktacji
Procent ludzi z każdym wynikiem
Percentyl według liczby udzielonych odpowiedzi
Twoja historia wyników
Nie rozwiązałeś tego quizu